Hospodářské styky s arabskými zeměmi. Evropská společenství.

Pokrok v inštitucionálnom usporiadaní vládnych ekonomických vzťahov - včítane zahraničného obchodu - medzi Európskymi spoločenstvami a arabskými krajinami v r. 1989. Bilaterálne zmluvy ako charakteristická črta hospodárskych vzťahov. Význam obchodu s ES pre arabské krajiny (35 perc. vývozu smeruje d...

Ausführliche Beschreibung

Gespeichert in:
Bibliographische Detailangaben
1. Verfasser: Bayer, A.
Format: Buchkapitel
Sprache:Tschechisch
Schlagworte:
Tags: Tag hinzufügen
Keine Tags, Fügen Sie das erste Tag hinzu!

MARC

LEADER 00000naa a2200000 4500
001 r002425
005 20220819175143.2
041 0 |a cze 
044 |a [CS] 
245 1 0 |a Hospodářské styky s arabskými zeměmi.  |b Evropská společenství.  |c A. Bayer 
520 |a Pokrok v inštitucionálnom usporiadaní vládnych ekonomických vzťahov - včítane zahraničného obchodu - medzi Európskymi spoločenstvami a arabskými krajinami v r. 1989. Bilaterálne zmluvy ako charakteristická črta hospodárskych vzťahov. Význam obchodu s ES pre arabské krajiny (35 perc. vývozu smeruje do krajín ES a 43 perc. dovozu je z krajín ES). Hlavné vývozné komodity arabských krajín do ES. 
610 2 0 |a Európske spoločenstvá 
610 2 0 |a vzťahy hospodárske medzinárodné 
610 2 0 |a obchod zahraničný 
610 2 0 |a zmluvy hospodárske 
610 2 0 |a 1989 
610 2 0 |a komodity 
610 2 0 |a Arabské štáty 
100 1 |a Bayer, A.